Регионална библиотека "Любен Каравелов" - Русе

Лексикология на българския език (Запис номер 22665)

MARC детайли
000 -Лидер
Контролно поле с фиксирана дължина 01650nam a2200409 c 4500
003 - Код на организацията, давaща контролен номер
Контролно поле BLK
005 - Дата и час на последна редакция
Контролно поле 20241209140927.0
008 - Елементи от данни с фиксирана дължина
fixed length control field 180413b bul|||||r ||||||| ||bul||
010 ## - Наследен системен номер
LC control number KNG00025070000
020 ## - Международен стандартен номер на книга ISBN
Международен стандартен номер на книга ISBN 954-427-290-9
-- издат.: Абагар
040 ## - Източник на каталожния запис
Идентификатор на билиотеката - собственик на записа BLK
041 ## - Код за език
Код за езика на текст/звукозапис или на отделно заглавие Български
Код за езика КДБФ Български
080 ## - УДК
Текстов определител УДК Български език
УДК код - определител по УДК 811.163.2
УДК определител -3(075.8)
УДК - код + определител 811.163.2-3(075.8)
100 1# - Редна дума - Автор
Автор Вътов, Върбан Дилков
Авторска отговорност първи автор
R(LIN) 253298
139 ## - Редно поле
Редна дума Вътов, Върбан Дилков
Авторски знак Въс - В 98
245 10 - Сведения за заглавието
Заглавие Лексикология на българския език
Подзаглавни данни Лексемика, ономастика, фразеология, лексикография : [Учебник за студентите от Велликотърновски унив. Св. св. Кирил и Методий]
Редно поле (дума) Върбан Дилков Вътов.
257 ## - Страна на издаване
Страна на създаване/издаване България
260 ## - Област на издателските данни
-- В. Търново
Име на издателя, разпространителя и проч. Абагар
Година на издаване 1998
300 ## - Физическа характеристика
Страници 424 с.
Илюстрации и др. със сх.
Размери/Мащаб 21 см
380 ## - Жанр
Жанр Езикознание. Филология
500 ## - Общи забележки
Забележка Библиогр. с. 386-418.
504 ## - Забележка за наличие на библиография и др
Забележка за наличие на библиография и под. 386-418
650 #4 - Допълнително описание по предмет – тема
Основно описание – тема или топоним Български език - лексикология
9 (RLIN) 255874
653 ## - Ключова дума – ненормативна
Ключова дума лексикология
653 ## - Ключова дума – ненормативна
Ключова дума български език
653 ## - Ключова дума – ненормативна
Ключова дума лексемика
653 ## - Ключова дума – ненормативна
Ключова дума ономастика
653 ## - Ключова дума – ненормативна
Ключова дума фразеология
653 ## - Ключова дума – ненормативна
Ключова дума лексикография
653 ## - Ключова дума – ненормативна
Ключова дума учебници за ВУЗ
852 ## - Местоположение
Форматна сигнатура Цб 198793
856 4# - Електронен адрес и достъп
Електронен формат pdf - файл
Път до файла /url/
856 4# - Електронен адрес и достъп
Електронен формат pdf - файл
Път до файла /url/
942 ## - АРТИКУЛИ
Вид на библиотечния материал Книги
Скрит в OPAC Не
Koha issues (borrowed), all copies 21
944 ## - СЪЗДАВАНЕ И РЕДАКЦИЯ на ЗАПИСА
Създаване/Редакция Създаване
Дата на регистрацията/редакция 15.01.2003
Служител, извършил регистрацията/редакцията 30531
Статус, дата на статуса Цветелина Шанова
944 ## - СЪЗДАВАНЕ И РЕДАКЦИЯ на ЗАПИСА
Създаване/Редакция Редакция
Дата на регистрацията/редакция 06.01.2009
Служител, извършил регистрацията/редакцията
999 ## - СИСТЕМНИ КОНТРОЛНИ НОМЕРА
Koha biblionumber 22665
Koha biblioitemnumber 22665
Наличности
Код за отписване Код за изгубен артикул Източник на класификационната схема Код за повреда Коз за рестрикции Код за отдаване Артикулен № Име на библиотеката - собственик Име на библиотеката, в която се намира в момента Статус (Текущо местоположение) Дата на вписване в системата Местоположение - отдел Цена в лева Инвентарен номер Систематично азбучна сигнатура Баркод Номер на екземпляра Цена в евро Служебна бележка Служебен тип на артикула
  Не е изгубен Universal Decimal Classification Не е повреден без рестрикции ползва се в читалня 37404 Регионална библиотека "Любен Каравелов" Русе Регионална библиотека "Любен Каравелов" Русе Хранилище 2001-01-01 Хранилище 7.00 645076 Цб 198793 120000645076 1 3.58 Дост: Dp Вид: Д N: стар фонд Дата: 01.01.1998 Книги
  Не е изгубен Universal Decimal Classification Не е повреден без рестрикции заемане за дома 37405 Регионална библиотека "Любен Каравелов" Русе Регионална библиотека "Любен Каравелов" Русе Заемна - подръчен фонд 2004-10-13 Заемна - подръчен фонд 8.01 120000689239 811.163.2/В 98 В 120000689239 2 4.10 Дост: Pk Вид: Ф N: 24351 Дата: 08.10.2004 Дата инв: 12.03.2018 Бележки инв: П2018 Книги
  Не е изгубен Universal Decimal Classification Не е повреден без рестрикции заемане за дома 37406 Регионална библиотека "Любен Каравелов" Русе Регионална библиотека "Любен Каравелов" Русе Заемна - подръчен фонд 2004-10-13 Заемна - подръчен фонд 8.01 120000689240 811.163.2/В 98 В 120000689240 3 4.10 Дост: Pk Вид: Ф N: 24351 Дата: 08.10.2004 Дата инв: 08.02.2018 Бележки инв: П2018 Книги
  Не е изгубен Universal Decimal Classification Не е повреден без рестрикции заемане за дома 37407 Регионална библиотека "Любен Каравелов" Русе Регионална библиотека "Любен Каравелов" Русе Заемна - подръчен фонд 2008-12-22 Заемна - подръчен фонд 7.00 120000732332 811.163.2/В 98 В 120000732332 4 3.58 Дост: DA Вид: А N: 16 Дата: 22.12.2008 Дата инв: 08.02.2018 Бележки инв: П2018 Книги
Vip Innovations Ltd, Rousse, Bulgaria 2025